New York Giants Trivia - Statistics

General Stats
  • This quiz has been taken 1,214 times
  • The average score is 7 of 12
Answer Stats
Hint Answer % Correct
How many Super Bowls have the Giants won? 4
91%
How many World Championships prior to the Super Bowl Era have the Giants won? 4
91%
Who is the Giants all time leading passer? Eli Manning
86%
Who wore the legendary number 56 for the Giants? Lawrence Taylor
76%
Who is the Giants all time leading rusher? Tiki Barber
70%
Who is the New York Giants all time sack leader? Michael Strahan
64%
What year did the Giants win their first Super Bowl? 1986
63%
What was the score of Super Bowl 42 when the Giants beat the Patriots for the first time? 17-14
52%
Who is the Giants all time leading receiver? Amani Toomer
40%
Who did they beat in that first Super Bowl? Denver Broncos
39%
What two Giants coaches have combined to win their 4 Super Bowls? Bill Parcells and Tom Coughlin
23%
Who was the Giants punter in Super Bowl 46? Steve Weatherford
23%
No matching quizzes found
Score Distribution
Percent of People with Each Score
Percentile by Number Answered
Your Score History
You have not taken this quiz